Koruna stínů /
Pokračování fantasy ságy. Vraždila ve službách říše, kterou nenávidí. Zrazuje krále, který jí věří. Nenávidí ji ti, kterým pomáhá.
Uloženo v:
| Série: | Sága půlelfů,
část 2 |
|---|---|
| Hlavní autor: | |
| Další autoři: | |
| Médium: | Kniha |
| Jazyk: | Czech |
| Vydáno: |
Praha :
Euromedia Group,
2026
|
| Vydání: | Vydání první |
| Témata: | |
| Celkem bylo vypůjčeno: | 0x |
| Příbuzné jednotky: | Z cyklu::
Sága půlelfů |
| Tagy: |
Žádné tagy |
| LEADER | 02390nam a2200433 i 4500 | ||
|---|---|---|---|
| 001 | 106710 | ||
| 003 | CZ PrNK | ||
| 005 | 20260701135608.0 | ||
| 007 | ta | ||
| 008 | 260626s2026 xr g 000 f cze | ||
| 015 | |a cnb003766335 | ||
| 020 | |a 9788028412883 |q (brožováno) | ||
| 040 | |a ABG001 |b cze |e rda | ||
| 041 | 1 | |a cze |h eng | |
| 072 | 7 | |a 821.111 |x Anglická literatura, anglicky psaná |2 Konspekt |9 25 | |
| 080 | |a 821.111(71)-31 |2 MRF | ||
| 080 | |a (0:82-312.9) |2 MRF | ||
| 100 | 1 | |a Blair, Melissa, |d 1995- |7 xx0320618 |4 aut |9 115559 | |
| 240 | 1 | 0 | |a Shadow crown. |l Česky |
| 245 | 1 | 0 | |a Koruna stínů / |c Melissa Blair ; přeložil Jiří Jaňák |
| 250 | |a Vydání první | ||
| 264 | 1 | |a Praha : |b Euromedia Group, |c 2026 | |
| 300 | |a 470 stran ; |c 20 cm | ||
| 336 | |a text |b txt |2 rdacontent | ||
| 337 | |a bez média |b n |2 rdamedia | ||
| 338 | |a svazek |b nc |2 rdacarrier | ||
| 500 | |a Přeloženo z angličtiny | ||
| 520 | 2 | |a Pokračování fantasy ságy. Vraždila ve službách říše, kterou nenávidí. Zrazuje krále, který jí věří. Nenávidí ji ti, kterým pomáhá. |b Keera je královou Čepelí, nejobávanější atentátnicí říše. Tajně však spolupracuje s princem Kiliánem a jeho Stínem – temným, hloubavým nymfem Rivenem. Společně připravují svržení nenáviděného krále. V Myrelintu, živoucím a tajném stromovém městě, žijí nymfové, elfové i půlelfové v harmonii. Keera ale před minulostí neuteče: za zločiny proti vlastnímu rodu bude pykat i zde. V řadách elfynů je totiž zrádce, a Keera je hlavní podezřelou. Nachází útěchu v řadách spojenců, kteří se pro ni stali rodinou. Pale i když přísahala, že už nikdy nikomu své srdce neotevře, brzy zjistí, že může ztratit víc, než si kdy myslela. Nakladatelská anotace. Kráceno. | |
| 655 | 7 | |a kanadské romány (anglicky) |7 fd139325 |2 czenas |9 54047 | |
| 655 | 7 | |a fantasy romány |7 fd184199 |2 czenas |9 54250 | |
| 655 | 9 | |a Canadian fiction (English) |2 eczenas | |
| 655 | 9 | |a fantasy novels |2 eczenas | |
| 700 | 1 | |a Jaňák, Jiří |7 jo20201085452 |4 trl |9 111636 | |
| 710 | 2 | |a Euromedia Group |7 kn20100114009 |4 pbl |9 117126 | |
| 787 | 0 | 8 | |i Z cyklu: |t Sága půlelfů |g 2 |
| 910 | |a UOG502 | ||
| 942 | |2 ddc |c KN | ||
| 999 | |d 106710 | ||
| 993 | |0 0 |1 421180107438 |2 ddc |4 0 |7 0 |9 100216 |b 0 |c 107438 |d 2026-07-01 |e 0 |f DOSP |h 499.00 |i Koupě |l DOSP |r 2026-07-02 |t 6 |w 2026-07-01 |y KN |z SFF |n | ||